| 000 | 00472nam a2200133Ia 4500 | ||
|---|---|---|---|
| 008 | 170221s9999 xx 000 0 und d | ||
| 100 | _aLennart Straus | ||
| 245 | _aCustomer Participation in the Customization of Services – Effects on Satisfaction and Behavioral Intentions | ||
| 245 | _cLennart Straus, Thomas Robbert, Stefan Roth | ||
| 260 | _c2014 | ||
| 300 | _a3 : 6 | ||
| 650 | _xBusiness | ||
| 856 | _uhttp://www.jbm-online.net/index.php/jbm/article/view/151/116 | ||
| 999 |
_c313226 _d313226 |
||